书目信息 |
| 题名: |
2005国家司法考试一本通
|
|
| 作者: | 刘东根 主编 | |
| 分册: | 民事诉讼法 | |
| 出版信息: | 北京 中国法制出版社 2005 |
|
| 页数: | 265页 | |
| 开本: | 26cm | |
| 丛书名: | ||
| 单 册: | ||
| 中图分类: | D9 | |
| 科图分类: | ||
| 主题词: | 法律 | |
| 电子资源: | ||
| ISBN: | 7-80182-232-3 | |
| 000 | 00638nam0 2200217 450 | |
| 001 | 0749624511 | |
| 005 | 20070729154223.65 | |
| 010 | @a7-80182-232-3@dCNY32.00 | |
| 100 | @a20070727d2005 km y0chiy0120 ea | |
| 101 | 0 | @achi |
| 102 | @aCN@b110000 | |
| 200 | 1 | @a2005国家司法考试一本通@A2005 guo jia si fa kao shi yi ben tong@i民事诉讼法@f刘东根主编@Fliu dong gen zhu bian |
| 205 | @a2版 | |
| 210 | @a北京@c中国法制出版社@d2005 | |
| 215 | @a265页@d26cm | |
| 517 | 1 | @a民事诉讼法@Amin shi su song fa |
| 606 | 0 | @a法律 |
| 690 | @aD9@v3 | |
| 701 | 0 | @a刘东根@Aliu dong gen@4主编 |
| 801 | 0 | @aCN@bPFT@c20070729 |
| 905 | @a10447@dD9@e381:1=2 | |
| 2005国家司法考试一本通.民事诉讼法/刘东根主编.-2版.-北京:中国法制出版社,2005 |
| 265页;26cm |
| ISBN 7-80182-232-3:CNY32.00 |
| ● |
| 相关链接 |
|
|
|
|
正题名:2005国家司法考试一本通
索取号:D9/381:1=2
 
预约/预借
| 序号 | 登录号 | 条形码 | 馆藏地/架位号 | 状态 | 备注 |
| 1 | 0788510 | 207885109 | 第一样本阅览室/ [索取号:D9/381:1=2] | 在馆 |